01469nam a2200265 a 4500001001000000005001700010008004100027041000800068044000700076084001500083100004500098245011100143260003700254300002200291500031900313500011100632500015700743500000900900650005200909650005600961650003401017650004501051700005701096740005001153BRCA_242520190320203813.0131108s1777----sp-a---###---#000-0dspa-u aspa asp a065b.M3761 aCervantes Saavedra, Miguel ded1547-161610aVida y Hechos del Ingenioso Caballero Don Quijote de la Manchaccompuesto por Miguel de Cervantes Saavedra aMadridbD. Manuel Martínc1777 a4 v.bil.c16 cm. aContenido : v 1. Primera parte. Dedicatoria a D. Quijote por Cide Hamete Benengeli. Algunos versos preliminares. Advertencia del impresor. Prólogo del autor. Vida de Cervantes por Mayáns. -- v 2. Licencia del Consejo. Texto. -- v 3. Segunda parte. Versos preliminares. Prólogo del autor. Texto. -- v 4. Texto aEdición : Nueva edición corregida e ilustrada por G. Mayáns y Síscar: Dedicada al mismo D. Quijote aReproducción de la edición del mismo editor de 1765. Ejemplar bien conservado. Piel; lomos adornados con filetes y florones dorados Lúdovic Osterc aQM5214aNovela españolayÉpoca clásica, 1500-170014aLiteratura españolayÉpoca clásica, 1500-170014aNovela españolaySiglo XVII14aDon Quijote (Personaje ficticio)eNovela1 aMayáns I Síscar, Gregoriod1699-1781eBiógrafo0 aEl Ingenioso Hidalgo Don Quijote de la Mancha